在世界地图上随机对应写出国家(中国版)Sequential countries of the World Quiz - Statistics

General Stats
  • This quiz has been taken 150 times
  • The average score is 98 of 197
Answers on the Map
Answers color-coded by a green-red scale on the quiz's map according to % correct below.
 
Answer Stats
国家 % Correct
澳大利亚
73%
俄罗斯
73%
印度尼西亚
71%
巴西
70%
蒙古
70%
日本
70%
印度
70%
阿根廷
69%
朝鲜
69%
德国
69%
菲律宾
69%
韩国
69%
加拿大
69%
美国
69%
新西兰
69%
越南
69%
中国
69%
冰岛
68%
老挝
68%
墨西哥
68%
沙特阿拉伯
68%
泰国
68%
意大利
68%
智利
68%
埃及
67%
缅甸
67%
丹麦
66%
法国
66%
哈萨克斯坦
66%
马达加斯加
66%
马来西亚
66%
南非
66%
瑞典
66%
瑞士
66%
乌克兰
66%
英国
66%
爱尔兰
65%
柬埔寨
65%
挪威
65%
葡萄牙
65%
巴基斯坦
64%
白俄罗斯
64%
尼泊尔
64%
西班牙
64%
奥地利
63%
不丹
63%
土耳其
63%
希腊
63%
以色列
63%
孟加拉国
62%
斯里兰卡
62%
波兰
60%
芬兰
60%
阿富汗
59%
埃塞俄比亚
59%
比利时
59%
古巴
59%
吉尔吉斯斯坦
59%
乌兹别克斯坦
59%
伊拉克
59%
巴布亚新几内亚
58%
捷克
58%
塔吉克斯坦
58%
伊朗
58%
哥伦比亚
57%
荷兰
57%
秘鲁
56%
立陶宛
56%
罗马尼亚
56%
摩洛哥
56%
斯洛伐克
56%
索马里
56%
叙利亚
56%
巴拉圭
55%
格鲁吉亚
55%
利比亚
55%
也门
55%
约旦
55%
阿尔及利亚
54%
巴拿马
54%
玻利维亚
54%
海地
54%
黎巴嫩
54%
塞浦路斯
54%
突尼斯
54%
乌拉圭
54%
匈牙利
54%
阿拉伯联合酋长国
53%
阿曼
53%
阿塞拜疆
53%
爱沙尼亚
53%
巴勒斯坦
53%
东帝汶
53%
卡塔尔
53%
克罗地亚
53%
苏丹
53%
科威特
52%
拉脱维亚
52%
莫桑比克
52%
刚果民主共和国
51%
马尔代夫
51%
纳米比亚
51%
土库曼斯坦
51%
委内瑞拉
51%
圭亚那
49%
摩尔多瓦
49%
塞尔维亚
49%
亚美尼亚
49%
保加利亚
48%
肯尼亚
48%
南苏丹
48%
巴哈马
47%
北马其顿
47%
黑山
47%
卢森堡
47%
马耳他
47%
苏里南
47%
厄瓜多尔
46%
津巴布韦
45%
莱索托
45%
马里
45%
尼日尔
45%
乍得
45%
阿尔巴尼亚
44%
多米尼加
44%
厄立特里亚
44%
毛里塔尼亚
44%
文莱
44%
牙买加
44%
洪都拉斯
43%
马拉维
43%
斯洛文尼亚
43%
贝宁
42%
波斯尼亚和黑塞哥维那
42%
博茨瓦纳
42%
赤道几内亚
42%
刚果共和国
42%
尼日利亚
42%
塞内加尔
42%
所罗门群岛
42%
多哥
41%
吉布提
41%
加纳
41%
卢旺达
41%
尼加拉瓜
41%
斯威士兰
41%
危地马拉
41%
安哥拉
40%
佛得角
40%
哥斯达黎加
40%
坦桑尼亚
40%
安道尔
38%
伯利兹
38%
布基纳法索
38%
喀麦隆
38%
塞舌尔
38%
乌干达
38%
赞比亚
38%
中非
38%
斐济
37%
毛里求斯
37%
布隆迪
36%
几内亚
36%
帕劳
36%
冈比亚
35%
几内亚比绍
35%
加蓬
35%
密克罗尼西亚联邦
35%
萨尔瓦多
35%
圣马力诺
35%
基里巴斯
34%
科特迪瓦
33%
利比里亚
33%
圣多美和普林西比
33%
科摩罗
32%
瑙鲁
32%
汤加
32%
列支敦士登
31%
马绍尔群岛
30%
塞拉利昂
30%
图瓦卢
30%
梵蒂冈
29%
特立尼达和多巴哥
29%
瓦努阿图
29%
萨摩亚
27%
摩纳哥
26%
巴林
25%
库克群岛
25%
纽埃
25%
安提瓜和巴布达
23%
新加坡
23%
巴巴多斯
22%
圣基茨和尼维斯
22%
圣卢西亚
22%
圣文森特和格林纳丁斯
22%
格林纳达
21%
多米尼克
20%
No matching quizzes found
Score Distribution
Percent of People with Each Score
Percentile by Number Answered
Your Score History
You have not taken this quiz